000 00701nam a2200193 a 4500
001 000020256
005 20200929170332.0
008 100802s1972 ve ac 000 0 spa d
040 _aDO-SdBNP
_bspa
_cBNPHU
082 _aXXXX
_bxxxx
100 1 _aBoulton, Alfredo
_96765
245 1 0 _a20 Retratos del general José Antonio Paez /
_cAlfredo Boulton ; aportación gráfica Diego Bosque García.
246 _aVeinte retratos del general José Antonio Paez
260 _aCaracas, Venezuela :
_bCromotip,
_c1972.
300 _a104 p. :
_bil., retrs. ;
_c30 cm.
504 _aBibliografía p: 99 - 102
590 _aLa biblioteca posee un ejemplar dedicado.
700 1 2 _aBosque García, Diego
_eil.
_942874
999 _c19760
_d19760